Electronic Devices And Circuits-I / (Record no. 189498)
[ view plain ]
| 000 -LEADER | |
|---|---|
| fixed length control field | 00994 a2200193 4500 |
| 003 - CONTROL NUMBER IDENTIFIER | |
| control field | Nust |
| 005 - DATE AND TIME OF LATEST TRANSACTION | |
| control field | 20221025162035.0 |
| 020 ## - INTERNATIONAL STANDARD BOOK NUMBER | |
| International Standard Book Number | 81-89411-28-4 |
| 040 ## - CATALOGING SOURCE | |
| Transcribing agency | Nust |
| 082 ## - DEWEY DECIMAL CLASSIFICATION NUMBER | |
| Classification number | 621.3,GOD |
| 100 ## - MAIN ENTRY--PERSONAL NAME | |
| Personal name | A.P Godse |
| 9 (RLIN) | 101385 |
| 245 ## - TITLE STATEMENT | |
| Title | Electronic Devices And Circuits-I / |
| Statement of responsibility, etc. | A.P.Godse-U.A.Bakshi |
| 250 ## - EDITION STATEMENT | |
| Edition statement | 3rd |
| 260 ## - PUBLICATION, DISTRIBUTION, ETC. | |
| Place of publication, distribution, etc. | India |
| Name of publisher, distributor, etc. | Technical Publication Pune |
| Date of publication, distribution, etc. | 2010 |
| 300 ## - PHYSICAL DESCRIPTION | |
| Extent | xvi,812,p |
| 505 ## - FORMATTED CONTENTS NOTE | |
| Formatted contents note | Semiconductor Physics (Page-1), Semiconductor Diode Characteristics (Page-71), Rectifiers and Filters (Page-133), Clippers, Clampers and Multipliers (Page-211), Bipolar Junction Transistor (Page-256), Transistor Biasing (Page-305), BJT as Small Signal Low Frequency Amplifier (Page-439), Field Effect Transistor (Page-540), FET Biasing (Page-568), Amplifier Frequency Response (Page-662), Special Semiconductor Devices (Page-684), Electronics Materials & Components (Page-714), Data Sheets and Parameters (Page-767). |
| 650 ## - SUBJECT ADDED ENTRY--TOPICAL TERM | |
| Topical term or geographic name entry element | Telecommunication Engineering |
| 942 ## - ADDED ENTRY ELEMENTS (KOHA) | |
| Source of classification or shelving scheme | |
| Koha item type | Book |
| Withdrawn status | Lost status | Source of classification or shelving scheme | Damaged status | Not for loan | Permanent Location | Current Location | Shelving location | Date acquired | Full call number | Barcode | Date last seen | Price effective from | Koha item type | Public note |
|---|---|---|---|---|---|---|---|---|---|---|---|---|---|---|
| Military College of Signals (MCS) | Military College of Signals (MCS) | General Stacks | 12/12/2016 | 621.3,GOD | MCS35129 | 12/08/2016 | 12/12/2016 | Book | Almirah No.28, Shelf No.2 |
